Rikkaimmat saarivaltiot - Statistics

Yleistilastot
  • Tätä visaa on pelattu 574 kertaa
  • Keskiarvotulos 8 / 11
Vastaustilastot
BKT / asukas Valtio % Oikein
54 000 $ Uusi-Seelanti
89%
145 000 $ Irlanti
86%
56 500 $ Yhdistynyt kuningaskunta
86%
69 800 $ Islanti
84%
51 800 $ Japani
84%
61 900 $ Malta
83%
73 300 $ Taiwan
73%
134 000 $ Singapore
71%
54 600 $ Kypros
68%
60 600 $ Bahrain
46%
75 600 $ Brunei
40%
Ehtoja vastaavia visoja ei löytynyt
Tulosjakauma
Jokaisen tuloksen saaneiden osuus
Persentiili vastausten määrän mukaan
Tuloshistoriasi
Et ole pelannut tätä visaa